Estadísticas para Historias de Noticias del 2016 - Nombra el país

Haz click aquí para tomar la prueba!

Estadísticas generales

  • Esta prueba ha sido tomada 1.690 veces
  • La puntuación promedio es 12 de 17

Estadísticas de respuestas

NoticiaPaís% Correcto
Donald Trump es elegido presidenteEstados Unidos
100%
Ciudadanos votan salir de la Unión EuropeaReino Unido
92%
La inflación se sitúa en más del 100%. Alimentos y papel higiénico son escasosVenezuela
83%
Presidenta Dilma Rousseff fue destituidaBrasil
81%
Hackers de este país son acusados en tratar de influir las elecciones de EE. UU.Rusia
78%
Después de 50 años, se reanudan vuelos comerciales entre EE. UU. y este paísCuba
77%
Política del hijo único llega a su finChina
75%
Golpe de estado fallido contra el presidente ErdoğanTurquía
71%
La ONU aprueba otra resolución contra este país después de otra prueba nuclearCorea del Norte
71%
Ciudadanos votan en contra del tratado se paz con la FARCColombia
71%
Interveniendo en una guerra civil, aviones rusos bombardean
la ciudad más grande de este país
Siria
67%
En un esfuerzo por combatir el lavado de dinero, todas las monedas de
500 y 1,000 rupias dejan de ser validas
India
65%
Sanciones de la ONU son removidas después de que este país acuerde
limitar su programa nuclear
Irán
60%
Este país puede ser demandado en tribunales de EE. UU. por los
atentados el 11 de septiembre
Arabia Saudita
48%
Documentos filtrados revelan como un bufete de abogados de este país
ayuda al elite global a lavar dinero
Panamá
46%
Presidente anima a los ciudadanos a matar a los narcotraficantesFilipinas
41%
El rey Bhumibol muere a la edad de 88Tailandia
34%

Distribución de puntuación

Porcentaje por número respondido

Porcentaje de gente con cada puntuación

Historial de tus puntuaciones

No has tomado esta prueba